00362cam a2200145ua 45000010005000000080039000050400009000440820008000531000034000612450042000952500018001372600033001553000010001886530018001985999131030n ii |||gr||||Z||||||eng cMAIN a9091 aBarooah,Debo Prasad,eAuthor.11aWorld Historycby Debo Prasad Barooah a2nd rev. ed. aAssam:bBani Prakash,c1966. a236p. aWorld history